[Event "San Sebastian op 17th"]
[Site "San Sebastian"]
[Date "2007.09.24"]
[Round "4"]
[White "Garat, Jacques"]
[Black "Salcedo, Marc"]
[Result "0-1"]
[WhiteElo "1708"]
[BlackElo "2008"]
[PlyCount "52"]
[EventDate "2007.09.21"]
[EventType "swiss"]
[EventRounds "9"]
[EventCountry "ESP"]
[SourceTitle "CBM 120 Extra"]
[Source "ChessBase"]
[SourceDate "2007.11.01"]
[SourceVersion "1"]
[SourceVersionDate "2007.11.01"]
[SourceQuality "1"]

1. c4 e5 2. Nc3 Nc6 3. Nf3 f5 4. e3 e4 5. Ng1 Nf6 6. d3 Bb4 7. Bd2 0-0 8. a3 Be7 9. d4 Kh8 10. Nge2 d5 11. Nf4 dxc4 12. Bxc4 Bd6 13. Nfd5 f4 14. Nb5 fxe3 15. Bxe3 Be6 16. Nb6 Bg4 17. f3 exf3 18. gxf3 axb6 19. fxg4 Qe7 20. Nxd6 Qxe3+ 21. Qe2 Qxe2+ 22. Kxe2 cxd6 23. h3 Nxd4+ 24. Kd3 Nc6 25. Rad1 Ne5+ 26. Kc3 Rac8 0-1